Economics explained : everything you need to know about how the economy works and where it's going
Saved in:
| Main Author: | |
|---|---|
| Other Authors: | |
| Format: | Book |
| Language: | English |
| Published: |
New York :
Simon & Schuster,
c1998
|
| Edition: | Newly rev. and updated |
| Subjects: | |
| Tags: |
Add Tag
No Tags, Be the first to tag this record!
|
MARC
| LEADER | 00000nam a2200000 i 4500 | ||
|---|---|---|---|
| 001 | 1/18658 | ||
| 008 | 010319s1998 eng d | ||
| 020 | |a 0-684-84641-1 | ||
| 035 | |l 10066569 | ||
| 040 | |a GR-MY-UA |b gre |e aacr | ||
| 041 | 0 | |a eng | |
| 082 | 0 | |a 330 | |
| 100 | 1 | |a Heilbroner, Robert L. | |
| 245 | 1 | 0 | |a Economics explained : |b everything you need to know about how the economy works and where it's going / |c Robert Heilbroner and Lester Thurow |
| 250 | |a Newly rev. and updated | ||
| 260 | |a New York : |b Simon & Schuster, |c c1998 | ||
| 300 | |a 240 p.; |c 22 cm. | ||
| 504 | |a Includes bibliographical references and index | ||
| 650 | 0 | 0 | |a Economics. |
| 651 | 0 | |a United States |x Economic conditions |y 1945- | |
| 700 | 1 | |a Thurow, Lester C. | |
| 852 | |a INST |b SAMOS |e 20010319 |h 330 HEI |p 005300021304 |q 005300021304 |t BK |y 0 | ||
| 901 | |a BIBL3-2001-1 | ||
| 909 | |a Σ |b 084770 | ||
| 922 | |a 3ΕΛΗ |b 200012 |c ΤΣΑΕ/ΚΒ |d ΜΙΧΑΛΟΠΟΥΛΟΣ | ||
| 950 | |a 184-2000-09-12 | ||
| 970 | |a ΚΟΣΙΕΡΗΣ |b ΧΡΗΣΤΟΣ |z 2001/03/20 | ||